Statistics for Wilayas of Algeria ( All )

Click here to take the quiz!

General Stats

  • This quiz has been taken 6 times
  • The average score is 27 of 48

Answer Stats

Wilaya % Correct
Adrar
83%
Algiers
83%
Oran
83%
Tizi Ouzou
67%
Boumerdes
67%
Jijel
67%
Sidi Bel Abbes
67%
Ghardaïa
67%
Tamanrasset
67%
Annaba
67%
Constantine
67%
Tiaret
67%
Bouira
67%
Béjaïa
67%
Béchar
67%
Batna
67%
Tindouf
50%
Naama
50%
Tipaza
50%
Tissemsilt
50%
Souk Ahras
50%
Skikda
50%
Sétif
50%
Saïda
50%
Relizane
50%
Oum El Bouaghi
50%
Ouargla
50%
Tébessa
50%
Laghouat
50%
Mostaganem
50%
Mila
50%
Aïn Témouchent
50%
Biskra
50%
Blida
50%
Bordj Bou Arreridj
50%
Djelfa
50%
El Bayadh
50%
El Oued
50%
Guelma
50%
Illizi
50%
Khenchela
50%
Aïn Defla
50%
M'Sila
50%
Mascara
50%
Médéa
50%
Tlemcen
50%
El Tarf
33%
Ech Chélif
17%

Score Distribution

Percentile by Number Answered

Percent of People with Each Score

Your Score History

You have not taken this quiz